Una laboriosa curiosidad: dos conferencias sobre Aby Warburg
שמור ב:
| מחבר ראשי: | |
|---|---|
| מחברים אחרים: | |
| פורמט: | ספר |
| שפה: | ספרדית |
| יצא לאור: |
Viña del Mar
Catálogo
2015
|
| מהדורה: | 1a. ed |
| סדרה: | Conjeturas, 3
|
| נושאים: | |
| תגים: |
הוספת תג
אין תגיות, היה/י הראשונ/ה לתייג את הרשומה!
|
MARC
| LEADER | 00000cam a2200000 a 4500 | ||
|---|---|---|---|
| 001 | UCD0363 | ||
| 003 | CL-VaPUC | ||
| 008 | 151127e20150000cl |||||||||||||||||spa|d | ||
| 020 | |a 9789569720000 | ||
| 082 | 0 | 4 | |a 907.2 |b WIN |2 21 |
| 100 | 0 | |a Wind, Edgar |e author |9 583349 | |
| 700 | |a Gombrich, Ernst Hans |e autor |9 598146 | ||
| 245 | 1 | 4 | |a Una laboriosa curiosidad: dos conferencias sobre Aby Warburg |
| 250 | |a 1a. ed | ||
| 300 | |a 136 p | ||
| 942 | |c BK | ||
| 945 | |d 20151127 13:45:00 |a dcastane | ||
| 260 | |a Viña del Mar |b Catálogo |c 2015 | ||
| 600 | 0 | |a Warburg, Aby Moritz |d 1866-1929 |9 401 | |
| 650 | 0 | |a Filosofía de la historia |9 265651 | |
| 650 | 0 | |a Estética |9 264950 | |
| 583 | |a last modification |c 20151127 13:45:00 |k Rodrigo Vera | ||
| 490 | 0 | |a Conjeturas, 3 | |
| 999 | |c 361928 |d 361926 | ||
| 952 | |0 0 |1 0 |3 erb |4 0 |6 907_200000000000000_WIN_2015 |7 0 |8 A |9 472676 |a BIBART |b BIBART |i 5252342 |o 907.2 WIN 2015 |p 5252342 |r 2025-03-13 |w 2019-11-24 |y BK |z Catalogado en:20151127 |k ART | ||
| 952 | |0 0 |1 0 |3 erb |4 0 |6 907_200000000000000_WIN_2015 |7 0 |8 A |9 472677 |a BIBART |b BIBART |i 5252334 |l 8 |o 907.2 WIN 2015 |p 5252334 |q 2024-12-20 |r 2025-03-13 |s 2024-07-30 |w 2019-11-24 |y BK |z Catalogado en:20151127 |k ART | ||
| 952 | |0 0 |1 0 |3 erb |4 0 |6 907_200000000000000_WIN_2015 |7 0 |8 A |9 472678 |a BIBHIS |b BIBHIS |i 540956K |l 1 |o 907.2 WIN 2015 |p 540956K |r 2025-01-20 |s 2023-05-11 |w 2019-11-24 |y BK |z Catalogado en:20170721 |k HIS | ||